| 000 | 00481nam a2200157 i 4500 | ||
|---|---|---|---|
| 001 | 24205 | ||
| 003 | ES-MaACL | ||
| 007 | t| | ||
| 008 | 021216s1934 sp ||||1| cat d | ||
| 100 | 1 |
_aAmorós, J. _921311 |
|
| 245 | 1 | 4 |
_aLes monedes Empuritanes anteriors a les dracmes / _cper J. Amorós. |
| 260 |
_aBarcelona : _bGabinet Numismatic de Catalunya, _c1934. |
||
| 300 |
_a66 p. : _bil. ; _c26 cm. |
||
| 710 | 2 |
_aGabinet Numismatic de Catalunya. _94440 |
|
| 852 |
_aES-MaACL _jC-7516 |
||
| 999 |
_c24205 _d24205 |
||